000 00381nam a2200133Ia 4500
008 151001s9999||||xx |||||||||||||| ||und||
100 _aगीता मंगेशकर
245 _aअजेय
250 _a1
260 _bबांदोडकर पब्लिशिंग कंपनी मुंबई
260 _c1993
300 _a357
365 _b18
999 _c969827
_d969824